Szczegóły MARC21

Transformacja gospodarki polskiej w latach dziewięćdziesiątych : ekonomia, prawo, zarządzanie : księga jubileuszowa na 25-lecie Wydziału Zarządzania UW [Uniwersyte tu Warszawskiego] /

005 -DATA I CZAS OSTATNIEJ MODYFIKACJI [,]
    • @
    • pole kontrolne
    • 20070315155141.9
020 -Międzynarod. znormalizowany nr książki - ISBN [ , ]
    • a
    • Numer ISBN
    • 8371511558 Find
040 -Instytucja sporządzająca opis [ , ]
    • a
    • Instytucja, która sporządziła opis (NP)
    • SZCZ U
    • c
    • Instytucja, która sporządziła rekord (NP)
    • SZCZ U
942 -Rodzaj dokumentu [ , ]
    • c
    • Rodzaj dokumentu
    • Książka
245 -Strefa tytułu i oznaczenia odpowiedzialności [0, ]
    • a
    • Tytuł
    • Transformacja gospodarki polskiej w latach dziewięćdziesiątych : Find
    • b
    • Ciąg dalszy tytułu (NP)
    • ekonomia, prawo, zarządzanie : księga jubileuszowa na 25-lecie Wydziału Zarządzania UW [Uniwersyte tu Warszawskiego] / Find
    • c
    • Pozostałe elementy strefy tytułu i oznaczenia odpowiedzialności (NP)
    • [aut. Jerzy Żyżyński i in.].
260 -Strefa adresu wydawniczego [ , ]
    • a
    • Miejsce wydania (P)
    • Warszawa :
    • b
    • Nazwa wydawcy (P)
    • "Elipsa",
    • c
    • Data wydania (P)
    • 1998.
300 -Strefa opisu fizycznego [ , ]
    • a
    • Określenie formy książki i/lub objętość (NP)
    • 445 s. :
    • b
    • Oznaczenie ilustracji (NP)
    • rys. :
    • c
    • Format (NP)
    • 24 cm.
500 -Uwaga ogólna [ , ]
    • a
    • Uwaga ogólna (NP)
    • Tekst ang. i pol. - Bibliogr
080 -Uniwersalna Klasyfikacja Dziesiętna [ , ]
    • a
    • Symbol klasyfikacji
    • 338.22(438)"1989/..."
980 -Symbol UKD [ , ]
    • a
    • UKD
    • 338.22(438)"1989/..."
700 -Hasło dodatkowe - nazwa osobowa [ , ]
    • a
    • Nazwa osobowa (NP)
    • Żyżyński Jerzy Find
920 -ISBN [ , ]
    • a
    • ISBN
    • 83-7151-155-8 Find
Status udost. Numer inwentarzowy Data inwentaryzacji Lokalizacja
-2T.72602003-02-20T